|
|
|
|
| LEADER |
03108nam a2200493 4500 |
| 001 |
978-3-540-44483-1 |
| 003 |
DE-He213 |
| 005 |
20191026121345.0 |
| 007 |
cr nn 008mamaa |
| 008 |
121227s2004 gw | s |||| 0|eng d |
| 020 |
|
|
|a 9783540444831
|9 978-3-540-44483-1
|
| 024 |
7 |
|
|a 10.1007/b97884
|2 doi
|
| 040 |
|
|
|d GrThAP
|
| 050 |
|
4 |
|a QC173.45-173.458
|
| 072 |
|
7 |
|a PHF
|2 bicssc
|
| 072 |
|
7 |
|a SCI077000
|2 bisacsh
|
| 072 |
|
7 |
|a PHF
|2 thema
|
| 082 |
0 |
4 |
|a 530.41
|2 23
|
| 100 |
1 |
|
|a Poulsen, Henning Friis.
|e author.
|4 aut
|4 http://id.loc.gov/vocabulary/relators/aut
|
| 245 |
1 |
0 |
|a Three-Dimensional X-Ray Diffraction Microscopy
|h [electronic resource] :
|b Mapping Polycrystals and their Dynamics /
|c by Henning Friis Poulsen.
|
| 250 |
|
|
|a 1st ed. 2004.
|
| 264 |
|
1 |
|a Berlin, Heidelberg :
|b Springer Berlin Heidelberg :
|b Imprint: Springer,
|c 2004.
|
| 300 |
|
|
|a XII, 156 p.
|b online resource.
|
| 336 |
|
|
|a text
|b txt
|2 rdacontent
|
| 337 |
|
|
|a computer
|b c
|2 rdamedia
|
| 338 |
|
|
|a online resource
|b cr
|2 rdacarrier
|
| 347 |
|
|
|a text file
|b PDF
|2 rda
|
| 490 |
1 |
|
|a Springer Tracts in Modern Physics,
|x 0081-3869 ;
|v 205
|
| 505 |
0 |
|
|a Introduction -- Methods for Meso-scale Structural Characterization -- Geometric Principles -- GRAINDEX and Related Analysis -- Orientation Mapping -- Combining 3DXRD and Absorption Contrast Tomography -- Multi-grain Crystallography -- The 3DXRD Microscope -- Applications -- Alternative Approaches -- Concluding Remarks.
|
| 520 |
|
|
|a Three-dimensional x-ray diffraction (3DXRD) microscopy is a novel experimental method for structural characterisation of polycrystalline materials. The position, morphology, phase, strain and crystallographic orientation of hundreds of grains or sub-grain embedded within mm-cm thick specimens can be determined simultaneously. Furthermore, the dynamics of the individual structural elements can be monitored during typical processes such as deformation or annealing. The book gives a comprehensive account of the methodology followed by a summary of selected applications. The method is presented from a mathematical/crystallographic point-of-view but with sufficient hands-on details to enable the reader to plan his or her own experiments. The scope of applications includes work in materials science and engineering, geophysics, geology, chemistry and pharmaceutical science.
|
| 650 |
|
0 |
|a Condensed matter.
|
| 650 |
|
0 |
|a Crystallography.
|
| 650 |
1 |
4 |
|a Condensed Matter Physics.
|0 http://scigraph.springernature.com/things/product-market-codes/P25005
|
| 650 |
2 |
4 |
|a Crystallography and Scattering Methods.
|0 http://scigraph.springernature.com/things/product-market-codes/P25056
|
| 710 |
2 |
|
|a SpringerLink (Online service)
|
| 773 |
0 |
|
|t Springer eBooks
|
| 776 |
0 |
8 |
|i Printed edition:
|z 9783662145432
|
| 776 |
0 |
8 |
|i Printed edition:
|z 9783540223306
|
| 776 |
0 |
8 |
|i Printed edition:
|z 9783662145425
|
| 830 |
|
0 |
|a Springer Tracts in Modern Physics,
|x 0081-3869 ;
|v 205
|
| 856 |
4 |
0 |
|u https://doi.org/10.1007/b97884
|z Full Text via HEAL-Link
|
| 912 |
|
|
|a ZDB-2-PHA
|
| 912 |
|
|
|a ZDB-2-BAE
|
| 950 |
|
|
|a Physics and Astronomy (Springer-11651)
|